| 000 | 01042nam a2200265Ia 4500 | ||
|---|---|---|---|
| 003 | OSt | ||
| 005 | 20210416102627.0 | ||
| 008 | 210310s2010 ag gr 100 0 spa d | ||
| 020 |
_a9789502020402 _qV.1 |
||
| 020 |
_a9789502020419 _qV.2 |
||
| 020 |
_a9789502021751 _qV.3 |
||
| 040 |
_aCO-JMCR _cCO-JMCR |
||
| 041 | 0 | _aspa | |
| 082 | 0 | 4 |
_a343.04 / _bJ828j _223 |
| 111 | 2 |
_aJornadas Latinoamericanas de Derecho Tributario _n(25a : _d2010 : _cCartagena) _936887 |
|
| 245 | 1 | 0 |
_aXXV Jornadas Latinoamericanas de Derecho Tributario : _bmemorias |
| 260 |
_aBuenos Aires : _bICDT : ILADT : AbeledoPerrot, _c2010 |
||
| 300 |
_b3 volúmenes ; _c24 cm. |
||
| 500 | _aIncluye notas a pie de página. | ||
| 505 | 0 |
_gV.1. _tFusiones y adquisiciones. Aspectos internacionales _gV.2. _rResponsabilidad del estado por actos de contenido tributario _gV.3. |
|
| 650 | 1 | 4 |
_aDerecho tributario _914851 |
| 650 | 2 | 4 |
_aCrisis económica _vEnsayos, conferencias, etc. _936888 |
| 650 | 2 | 4 |
_aPolítica económica _vEnsayos, conferencias, etc. _936889 |
| 942 |
_2ddc _cBK |
||
| 999 |
_c7582 _d7582 |
||